00336nam a2200085Ia 4500008004100000041000800041100002000049245013600069260004500205241105s9999 xx 000 0 und d aeng aHatti Aishwarya aConnecting Old And New Spaces And Cultures: Evolving Landscape Stragies For A Riverine Urbanscape Of Chinchwadgaon And Pavana River bBNCA M Arch Landscape Architecturec1905